000 00493nam a2200169 i 4500
001 bg
100 1 _aBORKOWSKI, Witold
245 0 _aProjektowanie procesów technologicznych :
_bautomaty tokarskie wzdłużne /
_cW. Borkowski.
260 _aWarszawa :
_bWydawnictwa Naukowo-Techniczne,
_c1979.
650 9 _aSkrawanie
_xtechnologia
_xurządzenia
650 9 _aObrabiarki
040 _cBPK
041 _apol
080 _a621.941
942 _cKS
008 s pl f |000 0 pol
999 _c18570
_d18570
856 _uhttp://koha.tu.koszalin.pl/cgi-bin/koha/opac-detail.pl?biblionumber=18570
_yKatalog online BPK